Jatiya grantha suchi (Record no. 291558)

MARC details
000 -LEADER
fixed length control field 00583nam a2200217Ia 4500
003 - CONTROL NUMBER IDENTIFIER
control field OSt
005 - DATE AND TIME OF LATEST TRANSACTION
control field 20220918231529.0
008 - FIXED-LENGTH DATA ELEMENTS--GENERAL INFORMATION
fixed length control field 220917b |||||||| |||| 00| 0 eng d
037 ## - SOURCE OF ACQUISITION
Terms of availability Textual
040 ## - CATALOGING SOURCE
Original cataloging agency ARTS
Transcribing agency ARTS
Language of cataloging eng
041 ## - LANGUAGE CODE
Source of code eng
Language code of text/sound track or separate title eng
100 ## - MAIN ENTRY--PERSONAL NAME
Personal name Keshaban B.S.
9 (RLIN) 154941
245 #0 - TITLE STATEMENT
Title Jatiya grantha suchi
Remainder of title Orcyabibag Jaunary-June 1963
260 ## - PUBLICATION, DISTRIBUTION, ETC.
Date of publication, distribution, etc. 1963
942 ## - ADDED ENTRY ELEMENTS (KOHA)
Classification part a14:31591, K3.1-.3-.4
Koha item type Textual
Source of classification or shelving scheme Colon Classification (CC)
Holdings
Withdrawn status Lost status Damaged status Not for loan Home library Current library Date acquired Total Checkouts Full call number Barcode Date last seen Price effective from Koha item type
        Arts Library Arts Library 2022-09-18   a14:31591 K3.1-.3-.4 AL0342810 2022-09-18 2022-09-18 Textual
Copyright @ Delhi University Library System